00249nam a2200097Ia 4500008004100000100002800041245002100069260003200090300000900122650002000131190216s9999||||xx |||||||||||||| ||und|| aMalayatoor Ramakrishnan 0aThudakam Odukkam bPoorna Pubs Kozhikodec1996 a145p aMalayalam Novel